00000000cam 2200000zi 4500
0019.956468
003CaOODSP
00520260605141109
006m     o  d f      
007cr cn|||||||||
008251020t20252025quca    ob   f000 0 eng d
020 |a9780660794013
040 |aCaOODSP|beng|erda|cCaOODSP
043 |an-cn---
045 |ay2y2
0861 |aEm20-212/2025E-PDF
24500|aEngagement on school food data and research priorities (2025) : |bwhat we heard.
264 1|a[Gatineau, Quebec] : |bEmployment and Social Development Canada = Emploi et développement social Canada, |c[2025]
264 4|c©2025
300 |a1 online resource (22 pages) : |bcolour illustrations
336 |atext|btxt|2rdacontent
337 |acomputer|bc|2rdamedia
338 |aonline resource|bcr|2rdacarrier
500 |aIssued also in French under title: Mobilisation sur les priorités en matière de données et de recherche sur l'alimentation en milieu scolaire (2025) : ce que nous avons entendu.
500 |aAt head of title: National School Food Program.
520 |a"Employment and Social Development Canada (ESDC) and its partners are working to fill key gaps in data and knowledge related to school food programming in Canada. The goal is to build a strong, evidence-based program that helps improve health, learning, and access to nutritious food at school - ensuring every generation has the support they need to reach their full potential. To inform this work, ESDC conducted a national engagement in January and February 2025 with the following objectives: identify gaps and priorities in school food data and research; identify the best ways to share school food research findings; guide future school food data and research activities in Canada. Through an online questionnaire and written submissions, individuals and organizations with expertise in school food shared their perspectives. This report summarizes what we heard. …"--Executive summary, page 1.
650 0|aSchool children|xFood|xResearch|zCanada|xPublic opinion.
650 0|aPublic opinion|zCanada.
7101 |aCanada. |bEmployment and Social Development Canada, |eissuing body.
77508|tMobilisation sur les priorités en matière de données et de recherche sur l'alimentation en milieu scolaire (2025) : |w(CaOODSP)9.956470
85640|qPDF|s1.73 MB|uhttps://publications.gc.ca/collections/collection_2026/edsc-esdc/Em20-212-2025-eng.pdf
8564 |qHTML|sN/A|uhttps://www.canada.ca/en/employment-social-development/programs/school-food/reports/data-research-priorities.html